000 00233nam a2200097Ia 4500
001 707797
005 20250826162515.0
008 250824s9999 xx 000 0 und d
245 0 _aFERMAN
_cÖMER SEYFETTİN
260 _bAKÇAĞ YAYINLARI
999 _c707797
_d707797